000 00261nam a2200109Ia 4500
008 190216s9999||||xx |||||||||||||| ||und||
100 _aRamamenon Puthezhath
245 0 _aManushyane Ariyuga
260 _bCurrent Books
650 _aEssay Malayalam
942 _cBK
999 _c24653
_d24653